00000000cam 2200000zi 4500
0019.957109
003CaOODSP
00520251215132237
006m     o  d f      
007cr cn|||||||||
008251105e202511  oncb    ob   f000 0 iku d
020 |a9780660796222
040 |aCaOODSP|bfre|erda|cCaOODSP
043 |an-cn---
0861 |aFs70-6/2024-035Iku2-PDF
24500|a[Évaluation du stock de morses de l'atlantique (Odobenus rosmarus rosmarus) du sud et de l'est de la baie d'Hudson en 2022].
250 |a[Édition Inuktitut (Nunavut)].
264 1|a[Ottawa] : |bPêches et océans Canada, Sciences des écosystèmes et des océans = Fisheries and Oceans Canada, Ecosystems and Oceans Science, |c[novembre 2025]
264 4|c©2025
300 |a1 ressource en ligne (7 pages) : |bcartes.
336 |atexte|btxt|2rdacontent/fre
337 |ainformatique|bc|2rdamedia/fre
338 |aressource en ligne|bcr|2rdacarrier/fre
4901 |a[Avis scientifique], |x1919-5117 ; |v2024/035
500 |aTitre en français fourni par l'éditeur.
500 |aPublié aussi en français sous le titre : Évaluation du stock de morses de l'atlantique (Odobenus rosmarus rosmarus) du sud et de l'est de la baie d'Hudson en 2022.
504 |aComprend des références bibliographiques (page 6).
546 |aTexte en Inuktitut (Nunavut).
650 6|aMorse|zHudson, Baie d'.
650 6|aMorse|zHudson, Détroit d' (Québec et Nunavut)
650 6|aMorse|zDavis, Détroit de.
650 6|aMammifères marins|xPopulations|xEstimation|zHudson, Baie d'.
650 6|aMammifères marins|xPopulations|xEstimation|zHudson, Détroit d' (Québec et Nunavut)
650 6|aMammifères marins|xPopulations|xEstimation|zDavis, Détroit de.
7102 |aSecrétariat canadien de consultation scientifique, |eorganisme de publication.
7101 |aCanada. |bMinistère des pêches et des océans, |eorganisme de publication.
77508|tÉvaluation du stock de morses de l'atlantique (Odobenus rosmarus rosmarus) du sud et de l'est de la baie d'Hudson en 2022. |w(CaOODSP)9.937688
788 |t[Assessment of the south and east Hudson Bay Atlantic walrus (Odobenus rosmarus rosmarus rosmarus) stock in 2022].|eeng|w(CaOODSP)9.957106
830#0|aAvis scientifique (Secrétariat canadien de consultation scientifique)|v2024/035.|w(CaOODSP)9.502624
85640|qPDF|s702 Ko|uhttps://publications.gc.ca/collections/collection_2025/mpo-dfo/fs70-6/Fs70-6-2024-035-iku.pdf